00881nas a2200241Ia 4500001001100000003000900011008004100020040001300061040001300074041001300087100004800100210001100148222001100159245012600170250001100296260002100307501008600328300001900414310001200433362003400445500012400479650003600603R052/77246IT-RoPAU151124c99999999xx |||||||||||| ||und|| aIT-RoPAU cIT-RoPAU aITALIANO aSilvestri RobertogCodice Aut. SPICS: 11711 aSCRIPT aScript aSCRIPT, ANNO 02-N.02 (GENNAIO 1989)bRoberto Silvestri Alle Journees Cinematographiques De Cartage (Lettera Da Cartagine) a1a ed. aROMAbDAGAc1989 bPaulus - SPICS - Società San Paolo EM (non-commercial uses only)cCopyright2015 a10 p. [99-108] aMENSILE aANNO 002, N.02 (GENNAIO 1989) aRiflessioni Sul Cinema Egiziano Dalle Giornate Cinematografiche di Cartagine Tenute a Tunisi Dal 21 al 29 Ottobre 1988. aCINEMAvPUBBLICAZIONE PERIODICA